Statistics for Movies by Opening Scene

Click here to take the quiz!

General Stats

  • This quiz has been taken 35,650 times
  • The average score is 10 of 18

Answer Stats

Opening Scene Movie % Correct
Treasure hunters explore a deep sea wreck, looking for a valuable necklaceTitanic
80%
Two fish have lots of eggs until a barracuda kills the mother and all the eggs except oneFinding Nemo
78%
Two cartoon characters fall in love, grow old, and the wife diesUp
76%
A gigantic spaceship flies over the camera, lasers firingStar Wars
71%
A feather floats over town and lands on the shoe of a clean-cut man sitting on a benchForrest Gump
71%
A woman is home alone and answers the phone. The callers says
"Do you like scary movies?"
Scream
70%
A naked, musclebound man materializes in a back alleyThe Terminator
67%
A girl decides to go skinny dipping in the oceanJaws
62%
Teenage boy gets across town on his skateboard by grabbing onto moving vehiclesBack to the Future
60%
Two finger-snapping street gangs engage in dance combatWest Side Story
59%
Clown-faced bank robbers kill each other until only one remainsThe Dark Knight
57%
Two American fighter planes encounter MiGs in the Indian OceanTop Gun
56%
Eight men sit at a diner while one interprets the lyrics of Madonna's "Like a Virgin"Reservoir Dogs
38%
Early hominids find a black monolith and figure out how to use weapons2001: A Space
Odyssey
37%
A polaroid picture of a dead man becomes undeveloped and then
goes back inside the camera
Memento
32%
A man asks a local big-shot to kill the men who beat his daughter The Godfather
32%
A man awakens from a coma and stumbles out of the hospital into eerily empty streets28 Days Later
30%
A man runs an experiment into psychic learning where he electrically shocks
one of his subjects and flirts with the other
Ghostbusters
22%

Score Distribution

Percentile by Number Answered

Percent of People with Each Score

Your Score History

You have not taken this quiz